[Event "22nd Hogeschool Zeeland 2018"]
[Site "Vlissingen"]
[Date "2018.08.09"]
[Round "7"]
[White "Zeng, Chongsheng"]
[Black "Mehar, Chinna Reddy C H"]
[Result "1-0"]
[WhiteElo "2539"]
[BlackElo "2345"]
[Annotator "TA"]
[PlyCount "62"]
[EventDate "2018.08.04"]
[EventType "swiss"]
[EventCountry "NED"]
[SourceTitle "playchess.com"]
[Source "ChessBase"]
[SourceQuality "1"]

{[%evp 19,62,1,33,6,8,0,50,58,55,79,79,69,89,74,87,91,109,97,145,130,367,383,369,341,806,800,800,775,719,706,1257,1197,1479,1492,3002,2973,29988,29989,29989,29984,29983,29984,29981,29982,29992]} 1. d4 d5 2. c4 c6 3. Nc3 Nf6 4. Nf3 e6 5. Bg5 Nbd7 6. e3 Qa5 7. cxd5 exd5 8. Nd2 Bd6 9. Bd3 {D52: Damengambit (Cambridge-Springs-Variante)} O-O 10. Qc2 (10. O-O Qc7 11. Nf3 Re8 12. Rc1 Qb8 13. Qc2 h6 14. Bh4 Ng4 15. h3 Ngf6 16. e4 dxe4 17. Bxe4 Nxe4 18. Nxe4 Nf8 19. Nxd6 Qxd6 {1-0 (45) Tomashevsky,E (2758)-Nguyen,N (2634) Baku 2015}) 10... Re8 {LiveBook: 4 Partien} 11. O-O-O {Weiß steht etwas besser.} b5 12. Kb1 Bb7 $146 ({Vorgänger:} 12... b4 13. Nb3 Qc7 14. Na4 Ne4 15. Bh4 a5 16. f3 Nef6 {1-0 (32) Weidel,A (2116)-Schultze,J (1999) Bad Homburg 2017}) 13. g4 b4 14. Nb3 Qc7 15. Na4 h6 16. Bxf6 $1 Nxf6 17. Rdg1 Ne4 18. h4 {[%cal Bh2h4,Bh4g5][%mdl 32]} Qe7 {[#]} 19. g5 $1 {[%mdl 512]} hxg5 $2 (19... h5 $16) 20. hxg5 $18 g6 21. f4 {Dh2 ist eine echte Drohung.} Qe6 $2 (21... Kg7 22. Rh6 Rh8) 22. Qh2 {[%csl Gh1][%cal Rh2h8]} Kf8 23. Nac5 Bxc5 24. dxc5 Ke7 {[#]} 25. f5 $1 {[%mdl 512]} gxf5 (25... Qxf5 26. Rf1) 26. Nd4 {Droht Matt per Dc7+.} Qd7 27. Bxe4 fxe4 28. g6 {Weiß setzt Matt.} Kd8 29. g7 Rg8 30. Qf4 Qe7 31. Rh6 Ke8 {Precision: Weiß = 83%, Schwarz = 34%.} 1-0

[Event "22nd Hogeschool Zeeland 2018"]
[Site "Vlissingen"]
[Date "2018.08.09"]
[Round "7"]
[White "Hausrath, Daniel"]
[Black "Rajesh, V A V"]
[Result "1-0"]
[WhiteElo "2502"]
[BlackElo "2325"]
[Annotator "TA"]
[PlyCount "63"]
[EventDate "2018.08.04"]
[EventType "swiss"]
[EventCountry "NED"]
[SourceTitle "playchess.com"]
[Source "ChessBase"]
[SourceQuality "1"]

{[%evp 16,63,31,29,40,36,60,39,33,34,31,25,41,18,18,16,56,52,18,42,39,35,62,12,91,91,97,89,96,87,214,206,197,192,370,320,584,612,599,565,670,669,588,512,528,526,526,519,640,617]} 1. Nf3 Nf6 2. g3 g6 3. b3 Bg7 4. Bb2 O-O 5. Bg2 d5 6. c4 c5 7. cxd5 {A05: Übergänge in verschiedene Eröffnungen} Nxd5 8. Bxg7 Kxg7 9. Qc1 {LiveBook: 10 Partien. Weiß steht etwas besser.} (9. O-O Nc6 10. d4 cxd4 11. Nxd4 Nxd4 12. Qxd4+ Nf6 13. Qe5 Qb6 14. Nc3 Be6 15. Na4 Qb4 16. Qc5 a5 17. Qxb4 axb4 18. Bxb7 Ra5 19. Rfc1 Rd8 20. Rc5 {1-0 (67) Meier,G (2647)-Sebenik,M (2551) chess.com INT 2018}) 9... Na6 10. O-O $146 ({Vorgänger:} 10. Qb2+ f6 11. O-O Be6 12. Nc3 Nac7 13. Ne4 b6 14. d4 cxd4 15. Nxd4 {1-0 (41) Mkrtchian,L (2376)-Ding,Y (2424) Riadh 2017}) 10... Qd6 11. Nc3 Rd8 12. Rd1 e5 13. e3 {[%cal Be2e3,Be3d4][%mdl 32]} f6 14. Nxd5 (14. d4 $5 {[%cal Rd4e5]} Nxc3 15. Qxc3 exd4 16. exd4 $14) 14... Qxd5 15. d4 cxd4 16. exd4 {Droht stark Sxe5.} e4 17. Nd2 {[%cal Bf3d2,Bd2c4,Bc4e3,Be3d5][%mdl 32]} f5 18. Nc4 Bd7 19. Qg5 Re8 (19... Qe6 $11 {bleibt in der Remisbreite.}) 20. Rac1 $16 Rad8 21. Bf1 h6 22. Qf4 $36 {[%mdl 2048] Weiss ist am Drücker.} Nb4 {[#]} (22... g5 $16 {ist eine bessere Verteidigung.} 23. Qd2 Rc8) 23. Ne3 $1 $18 {[%cal Re3d5]} Qf7 24. Rc7 Nxa2 $2 (24... Nd5 {ist wohl besser.} 25. Nxd5 Qxd5) 25. Bc4 Qf6 $2 (25... Qf8 26. Rxb7 Nb4) 26. Nd5 {Weiß steht klar auf Gewinn.} Qf8 27. Qd2 b5 28. Bxb5 Qd6 29. Rxd7+ Rxd7 30. Bxd7 Qxd7 31. Ne3 ({Schwächer ist} 31. Qxa2 Qxd5 32. Qxa7+ Qf7 $14) 31... f4 32. gxf4 {Precision: Weiß = 82%, Schwarz = 34%.} ({Nicht} 32. Qxa2 fxe3 33. fxe3 h5 $18) 1-0

[Event "22nd Hogeschool Zeeland 2018"]
[Site "Vlissingen"]
[Date "2018.08.09"]
[Round "7"]
[White "Wan, Yunguo"]
[Black "Mareco, Sandro"]
[Result "0-1"]
[WhiteElo "2501"]
[BlackElo "2643"]
[Annotator "TA"]
[PlyCount "104"]
[EventDate "2018.08.04"]
[EventType "swiss"]
[EventCountry "NED"]
[SourceTitle "playchess.com"]
[Source "ChessBase"]
[SourceQuality "1"]

{[%evp 23,104,46,60,23,20,13,50,34,37,36,31,29,65,56,56,0,0,5,11,-31,-33,-44,-32,-43,-35,-63,13,15,26,14,33,0,56,66,77,82,110,68,57,55,54,49,59,76,103,107,107,114,114,104,114,119,118,110,136,143,170,0,0,0,0,0,0,0,0,0,0,-128,-113,-314,0,0,0,-325,-314,-322,-285,-594,-577,-29986,-29987,-29994,-29995]} 1. e4 g6 2. d4 Bg7 3. c4 d6 4. Nc3 Nf6 5. Nf3 O-O 6. Be2 e5 7. O-O Na6 8. Re1 Qe8 9. Bf1 Bg4 10. d5 Nb4 11. Be2 a5 12. Rb1 {E94: King's Indian: Classical: 6 Be2 e5 7 0-0: Various Black 7th moves} Na6 {LiveBook: 16 Games} 13. Bf1 $146 ({Predecessor:} 13. Be3 Bd7 14. Nd2 Kh8 15. a3 a4 16. Nb5 Qe7 17. Bg5 c6 18. Nc3 Nc5 19. b4 axb3 20. Nxb3 Nxb3 21. Qxb3 {0-1 (54) Schlosser,P (2582)-Naiditsch,A (2715) Baden-Baden 2014}) 13... Nc5 14. b3 {[%cal Bb2b3,Bb3b4][%mdl 32] The position is equal.} Qe7 15. a3 a4 16. b4 Nb3 17. h3 Bd7 18. Be3 Ne8 19. Nb5 (19. b5 $14) 19... f5 $11 20. c5 f4 21. cxd6 cxd6 22. Bb6 Ra6 23. Ba5 $1 g5 24. Nd2 Nxa5 (24... g4 $15 25. hxg4 (25. Nxb3 gxh3 26. Nc3 hxg2 $17) 25... f3) 25. bxa5 Rxa5 26. Nc3 Ra7 27. Nc4 f3 (27... g4 $11) 28. gxf3 $14 h5 29. Nb6 Nf6 30. Nxd7 (30. Ncxa4 $6 g4 $14) 30... Qxd7 31. Nb5 Raa8 32. Rc1 Rac8 33. Qxa4 g4 34. Qb4 {Rxc8 is the strong threat.} Rxc1 35. Rxc1 {Black must now prevent Rc7.} Ne8 36. fxg4 Bh6 37. Rc2 hxg4 {[%cal Bh5g4,Bg4g3,Bg3f2][%mdl 32]} 38. Qc3 $1 Kh8 39. Qc8 $1 {[%cal Rc8d7]} Qh7 40. Qe6 $2 ({Much less strong is} 40. hxg4 $6 Qxe4 41. Qc4 Qf3 $16) (40. Bg2 $1 $18) 40... g3 $1 $11 {[%cal Rg3f2]} 41. Bg2 gxf2+ 42. Kf1 Be3 $40 {[%mdl 128] Black has some attack.} 43. Rc8 $1 {[%cal Rc8e8]} Qg7 44. Qg4 {Hoping for Rxe8!} Qh6 {And now ...Bc5 would win.} 45. h4 (45. Qe6 $11 Qg5 46. Qg4) 45... Rg8 $1 $17 {[%cal Rg8g4]} 46. Qf5 $2 (46. Qe6 $17 Qg7 47. Qh3) 46... Rf8 $2 (46... Qxh4 $2 47. Nxd6 $1 {[%mdl 512]} Qh2 48. Nf7+ Kg7 49. Qxe5+ Qxe5 50. Nxe5 $16) (46... Bc5 $1 $19 47. Rxc5 dxc5) 47. Qg4 $11 Rg8 $2 {[%mdl 8192]} (47... Bc5 $11 48. Qg5 Qxg5 49. hxg5 Kg7) 48. Qf5 $1 $19 Bc5 $1 ({Not} 48... Qxh4 $2 {[#]} 49. Nxd6 $1 {[%mdl 512]} Qh2 50. Qxe5+ $1 {[%mdl 512]} (50. Nf7+ Kg7 $16) 50... Qxe5 51. Nf7+ Kg7 52. Nxe5 $16) 49. Rxc5 dxc5 50. Qxe5+ $2 (50. Bf3 {was the crucial defense.} Qxh4 51. Bg2) 50... Nf6 {( -> ...Qc1+)} 51. Qc3 {[#]} Rxg2 $1 {[%mdl 512]} 52. Nd6 {[#]} (52. Kxg2 Qg7+) 52... Qf4 $1 {[%mdl 512] Precision: White = 49%, Black = 61%.} 0-1

[Event "22nd Hogeschool Zeeland 2018"]
[Site "Vlissingen"]
[Date "2018.08.09"]
[Round "7"]
[White "Henrichs, Thomas"]
[Black "Elgersma, Simon"]
[Result "1-0"]
[WhiteElo "2486"]
[BlackElo "2136"]
[Annotator "TA"]
[PlyCount "111"]
[EventDate "2018.08.04"]
[EventType "swiss"]
[EventCountry "NED"]
[SourceTitle "playchess.com"]
[Source "ChessBase"]
[SourceQuality "1"]

{[%evp 23,111,37,20,19,39,0,72,75,76,81,141,136,158,164,166,93,180,57,64,60,59,38,78,75,62,53,58,32,52,57,44,47,54,43,93,95,95,105,106,103,95,99,103,95,113,113,156,96,183,205,253,107,129,75,189,215,209,187,205,198,231,232,242,233,257,240,314,325,316,310,510,525,483,524,822,685,5006,2653,2106,535,693,594,29985,29986,29986,29987,29987,875,1375,1371]} 1. Nf3 Nf6 2. c4 g6 3. Nc3 Bg7 4. e4 d6 5. d4 O-O 6. Be2 e5 7. d5 a5 8. Bg5 h6 9. Be3 Ng4 {E92: Königsindisch (Klassisches System)} 10. Bd2 f5 11. h3 Nf6 12. exf5 gxf5 {LiveBook: 51 Partien} 13. g3 Na6 14. Be3 (14. Qc1 Kh7 15. Nh4 Nc5 16. Be3 Nfe4 17. Nxe4 Nxe4 {½-½ (42) Korobov,A (2678)-Kovalev,V (2650) Poikovsky 2018}) 14... Qe8 $146 (14... Nd7 $11) ({Vorgänger:} 14... Nh5 15. Nxe5 f4 16. gxf4 Nxf4 17. Nd3 Ng2+ 18. Kd2 Nxe3 19. fxe3 {½-½ (40) Istomin,A (2254)-Bredenhof,B (2181) ICCF email 2014}) 15. Qd2 $16 Kh7 16. Nh4 Nc5 (16... a4 $142) 17. Qc2 Nfe4 18. Nxe4 Nxe4 19. Bd3 (19. g4 $1 $18) 19... Ng5 (19... Qh5 $16) 20. O-O-O ({Jedoch nicht} 20. Bxf5+ $6 Bxf5 21. Nxf5 Nf3+ 22. Kd1 e4 $14) ({Der einzige Zug:} 20. Nxf5 $18 e4 21. Nxg7 Kxg7 22. Be2) 20... e4 $14 21. Be2 Bd7 22. Ng2 Ba4 23. b3 {Und h4 würde nun gewinnen.} Bd7 24. Nf4 a4 25. b4 $1 a3 26. Bh5 Bb2+ 27. Kb1 Ba4 28. Qxb2 axb2 29. Bxe8 Rfxe8 30. Rdf1 $1 Nf3 {Weiss sollte ...Se5 verhindern.} 31. Kxb2 Ne5 32. Rc1 Bd7 33. Rc3 Ra4 34. a3 Rea8 35. Rhc1 (35. c5 $142 $1) 35... c6 (35... b6 $16 36. h4 Kg8) 36. Bd4 $18 Nf3 37. Bf6 (37. dxc6 $1 $18 {und der Rest ist Schweigen.} Bxc6 38. Bf6) 37... c5 $16 38. b5 (38. bxc5 $142 dxc5 39. Be7) 38... Ng5 (38... Re8 $16) 39. Re1 $18 Re8 40. h4 $36 {[%mdl 2048] Läuft bei Weiss.} Nf7 41. Kb3 Rea8 42. Ra1 $1 b6 43. Re3 R4a7 44. a4 {[%cal Ba3a4,Ba4a5,Ba5b6,Bb6b7][%mdl 32]} Re8 45. Bc3 Ne5 46. a5 Rea8 $2 (46... Nf3 47. a6 (47. axb6 Nd2+ 48. Bxd2 Rxa1 $16) 47... Nd4+ 48. Kb2 Rea8) 47. axb6 Rxa1 48. Bxa1 Nxc4 49. Kxc4 Rxa1 {[%mdl 4096] Endspiel KTL-KTS} 50. b7 Rc1+ 51. Rc3 (51. Kb3 $142) 51... Rb1 {[%csl Gb1][%cal Rd7b5] [#]} 52. Ra3 $1 Rc1+ {[#]} 53. Kb3 $1 Rb1+ 54. Kc3 Rxb5 55. Ra7 (55. Rb3 $142 Rxb7 56. Rxb7 Kg8 57. Rxd7 e3 58. fxe3 Kf8 59. Rxd6 Ke7 60. Rxh6) 55... Rb6 56. Ne6 {Precision: Weiß = 60%, Schwarz = 43%.} 1-0

[Event "22nd Hogeschool Zeeland 2018"]
[Site "Vlissingen"]
[Date "2018.08.09"]
[Round "7"]
[White "Beerdsen, Thomas"]
[Black "Grochal, Joey"]
[Result "1/2-1/2"]
[WhiteElo "2469"]
[BlackElo "2300"]
[Annotator "ChessBase"]
[PlyCount "44"]
[EventDate "2018.08.04"]
[EventType "swiss"]
[EventCountry "NED"]
[SourceTitle "playchess.com"]
[Source "ChessBase"]
[SourceQuality "1"]
[TimeControl "40/5400+30:1800+30"]

1. e4 {[%emt 0:00:06]} c5 {[%emt 0:00:00]} 2. Nf3 {[%emt 0:00:06]} Nc6 {[%emt 0:00:00]} 3. d4 {[%emt 0:00:05]} cxd4 {[%emt 0:00:00]} 4. Nxd4 {[%emt 0:00:04]} e6 {[%emt 0:00:00]} 5. Nb5 {[%emt 0:00:04]} d6 {[%emt 0:00:02]} 6. Bf4 {[%emt 0:00:04]} e5 {[%emt 0:00:12]} 7. Be3 {[%emt 0:00:05]} Be6 {[%emt 0:08:35]} 8. Nd2 {[%emt 0:05:24]} Nf6 {[%emt 0:11:50]} 9. Bg5 {[%emt 0:02:26]} a6 {[%emt 0:02:50]} 10. Bxf6 {[%emt 0:01:42]} gxf6 {[%emt 0:00:02]} 11. Nc3 {[%emt 0:00:07]} d5 {[%emt 0:00:34]} 12. exd5 {[%emt 0:01:44]} Bxd5 {[%emt 0:00:09]} 13. Nde4 {[%emt 0:03:44]} Bxe4 {[%emt 0:00:55]} 14. Nxe4 {[%emt 0:00:53]} f5 {[%emt 0:01:36]} 15. Ng3 {[%emt 0:03:15]} Qb6 {[%emt 0:10:07]} 16. Be2 {[%emt 0:09:40]} Qxb2 {[%emt 0:08:18]} 17. O-O {[%emt 0:01:32]} Rd8 {[%emt 0:02:38]} 18. Qb1 {[%emt 0:07:42]} Qxb1 {[%emt 0:03:49]} 19. Raxb1 {[%emt 0:00:07]} f4 {[%emt 0:05:10]} 20. Ne4 {[%emt 0:00:37]} b5 {[%emt 0:13:35]} 21. a4 {[%emt 0:01:58]} Nd4 {[%emt 0:01:15]} 22. Bh5 {[%emt 0:00:09]} Bg7 {[%emt 0:06:07]} 1/2-1/2

[Event "22nd Hogeschool Zeeland 2018"]
[Site "Vlissingen"]
[Date "2018.08.09"]
[Round "7"]
[White "Vrolijk, Liam"]
[Black "Lammens, Tim"]
[Result "1-0"]
[WhiteElo "2430"]
[BlackElo "2293"]
[Annotator "TA"]
[PlyCount "91"]
[EventDate "2018.08.04"]
[EventType "swiss"]
[EventCountry "NED"]
[SourceTitle "playchess.com"]
[Source "ChessBase"]
[SourceQuality "1"]

{[%evp 17,90,60,82,58,63,61,68,69,68,42,37,48,44,38,41,27,25,13,25,3,28,0,0,0,0,0,0,0,5,5,66,61,148,146,142,137,211,210,379,377,381,381,381,374,327,0,0,0,331,334,554,188,165,170,175,195,326,264,245,228,373,348,783,478,5402,5289,1950,1354,29987,29988,29988,29989,29997,29985,29999]} 1. Nf3 g6 2. d4 Bg7 3. c4 c5 4. e4 d6 5. d5 e6 6. Be2 Ne7 7. O-O O-O 8. Nc3 a6 {A43: Schmid Benoni} (8... exd5 9. exd5 h6 10. h3 g5 11. Re1 Nd7 12. Ne4 Nf6 13. Nxf6+ Bxf6 14. Bd3 Kg7 15. Qc2 b5 16. cxb5 Nxd5 {0-1 (41) Gelfand,B (2758)-Ponomariov,R (2739) Khanty-Mansiysk 2009}) 9. a4 h6 {LiveBook: 4 Games} 10. a5 exd5 {White is slightly better.} 11. cxd5 Bg4 $1 12. Nd2 Bxe2 13. Qxe2 Nd7 14. Nc4 b5 15. axb6 $1 ({Of course not} 15. Nxd6 Qb8 $11) 15... Nxb6 16. Bf4 Nxc4 $146 17. Qxc4 g5 18. Bg3 f5 {[#] White must now prevent ...f4.} 19. exf5 ({Don't blunder} 19. Rxa6 $2 Rxa6 20. Qxa6 f4 $19) 19... Nxf5 20. Rxa6 Rxa6 21. Qxa6 Qe7 22. Qd3 Bd4 23. Nb5 $36 {[%mdl 2048] With the idea Bxd6! White has the initiative.} Nxg3 ({Black should try} 23... Bg7 $11) 24. hxg3 $14 Be5 (24... Bg7 $14) 25. Qg6+ $16 Qg7 26. Qe6+ Kh8 (26... Qf7 $16 {was worth a try.}) 27. Nxd6 $18 {Threatens to win with Ne8.} Bxb2 $2 (27... Qf6) 28. Ne8 Qe5 {aiming for ...Qxe6.} 29. Qxh6+ Kg8 30. Qg6+ Kh8 31. Qh6+ Kg8 32. Qg6+ Kh8 33. Nd6 Qxd5 $2 (33... Qg7 34. Qh5+ Qh7 35. Qxg5 Bd4) 34. Ne4 $2 (34. Rb1 Qa2 35. Kh2) 34... Qf5 35. Qh6+ Kg8 36. Nxg5 c4 {[#]} (36... Bf6 $142) 37. g4 $1 Rf6 (37... Qxg4 38. Qh7#) 38. Qh4 Qd3 (38... Qg6 {might work better.} 39. Re1 Rf8) 39. Re1 Rf8 $2 (39... Qg6 40. Ne4 Rf8) 40. Ne6 Rf7 (40... Qd2 $142 41. Re4 Ra8) 41. Qg5+ Kh7 42. Nd8 {Threatening mate with Qh5+.} Rd7 43. Qh5+ {White mates.} Kg7 44. Ne6+ Kf6 45. g5+ Kf5 46. g4# {Precision: White = 60%, Black = 37%.} 1-0

[Event "22nd Hogeschool Zeeland 2018"]
[Site "Vlissingen"]
[Date "2018.08.09"]
[Round "7"]
[White "Viani Antonio Dcunha"]
[Black "Peek, Marcel"]
[Result "1-0"]
[WhiteElo "2414"]
[BlackElo "2290"]
[Annotator "TA"]
[PlyCount "81"]
[EventDate "2018.08.04"]
[EventType "swiss"]
[EventCountry "NED"]
[SourceTitle "playchess.com"]
[Source "ChessBase"]
[SourceQuality "1"]

{[%evp 13,81,22,14,13,29,8,31,16,33,0,0,0,0,-6,0,0,0,-19,-21,-62,-25,-25,-25,-29,-28,-20,-9,-16,-8,-11,0,-23,-11,-25,-10,-23,0,-52,-14,-20,0,0,0,0,0,0,0,-8,-8,-61,63,63,63,71,63,64,197,196,192,191,406,406,399,399,389,314,292,255,488,485]} 1. e4 c5 2. Nf3 Nc6 3. c3 d5 4. exd5 Qxd5 5. d4 Bf5 6. dxc5 {B22: Sicilian: 2 c3} Qxd1+ 7. Kxd1 O-O-O+ {LiveBook: 14 Games} 8. Nbd2 {The position is equal.} e5 {[%cal Be7e5,Be5e4][%mdl 32]} 9. b4 Be7 $146 ({Predecessor:} 9... e4 10. Nd4 Nxd4 11. cxd4 g6 12. Bb2 Bg7 13. Nc4 {½-½ (25) Manca,F (2421)-Turov,M (2636) Trieste 2012}) 10. Bb2 Bf6 11. a3 e4 12. Nd4 $1 {[%cal Rd4f5]} Nxd4 13. cxd4 Bxd4 14. Bxd4 Rxd4 15. Kc1 Be6 16. Rb1 f5 17. Nb3 Bxb3 18. Rxb3 Nf6 19. Be2 Kc7 20. Rd1 Rxd1+ 21. Kxd1 $11 {[%mdl 4096] Endgame KRB-KRN} g5 22. Bc4 Ng4 23. Ke2 Ne5 24. Rc3 Re8 25. b5 (25. Bb5 $11 Rh8 26. Bc4) 25... b6 26. c6 {[#]} a6 $1 {[%mdl 512]} 27. bxa6 Nxc4 28. Rxc4 {KR-KR} Ra8 29. a4 Rxa6 30. Ke3 Ra5 31. Kd4 (31. h3 $11) 31... b5 ({Better is} 31... h5 $15) 32. axb5 $14 Rxb5 33. Rc5 $1 {[%cal Rc5b5]} Rb4+ 34. Kc3 Rb6 ({Black should play} 34... Ra4 $1 $14) 35. Rxf5 $18 Rxc6+ 36. Kd4 Rg6 $2 {[#]} (36... e3 {is a better defense.}) 37. Rf7+ Kd6 38. Rxh7 Rf6 39. Ke3 Rf5 40. Ra7 ({Less strong is} 40. Kxe4 Rxf2 41. g3 Ke6 $14) 40... Re5 $2 (40... Ke6 {might work better.} 41. Ra6+ Kf7) 41. Ra4 {Precision: White = 52%, Black = 29%.} 1-0

[Event "22nd Hogeschool Zeeland 2018"]
[Site "Vlissingen"]
[Date "2018.08.09"]
[Round "7"]
[White "Schoppen, Casper"]
[Black "Vedder, Richard"]
[Result "1-0"]
[WhiteElo "2395"]
[BlackElo "2284"]
[Annotator "NA"]
[PlyCount "75"]
[EventDate "2018.08.04"]
[EventType "swiss"]
[EventCountry "NED"]
[SourceTitle "playchess.com"]
[Source "ChessBase"]
[SourceQuality "1"]
[TimeControl "40/5400+30:1800+30"]

1. e4 {[%emt 0:01:04]} e5 {[%emt 0:00:00]} 2. Nf3 {[%emt 0:00:04]} Nc6 {[%emt 0:00:00]} 3. Bc4 {[%emt 0:00:31]} Nf6 {[%emt 0:00:00]} 4. d3 {[%emt 0:00:05]} h6 {[%emt 0:00:07]} 5. c3 {[%emt 0:01:25]} d6 {[%emt 0:00:06]} 6. O-O {[%emt 0:01:58]} g6 {[%emt 0:01:25]} 7. Re1 {[%emt 0:05:44]} Bg7 {[%emt 0:00:21]} 8. h3 {[%emt 0:03:25]} O-O {[%emt 0:00:07]} 9. Bb3 {[%emt 0:01:46]} Be6 {[%emt 0:06:24]} 10. Bxe6 {[%emt 0:05:08]} fxe6 {[%emt 0:00:37]} 11. d4 {[%emt 0:00:18]} exd4 {[%emt 0:01:02]} 12. cxd4 {[%emt 0:00:24]} d5 {[%emt 0:00:33]} 13. e5 {[%emt 0:01:54]} Ne4 {[%emt 0:02:22]} 14. Be3 {[%emt 0:05:12]} Qe7 {[%emt 0:04:11]} 15. Nbd2 {[%emt 0:01:32]} Nxd2 {[%emt 0:01:52]} 16. Nxd2 {[%emt 0:01:01]} Qh4 {[%emt 0:08:31]} 17. Nb3 {[%emt 0:02:36]} Rf7 {[%emt 0:01:06]} 18. Nc5 {[%emt 0:03:24]} Nd8 {[%emt 0:00:23]} 19. Rc1 {[%emt 0:00:43]} b6 {[%emt 0:06:44]} 20. Nd3 {[%emt 0:00:59]} a5 {[%emt 0:03:17]} 21. Rc2 {[%emt 0:04:46]} Bf8 {[%emt 0:02:54]} 22. f4 {[%emt 0:02:39]} Rc8 {[%emt 0:03:23]} 23. Bf2 {[%emt 0:02:36]} Qe7 {[%emt 0:00:06]} 24. Qg4 {[%emt 0:00:43]} Kh7 {[%emt 0:02:25]} 25. Bh4 {[%emt 0:04:41]} Qd7 {[%emt 0:00:55]} 26. Bxd8 {[%emt 0:08:08]} h5 {[%emt 0:03:16]} 27. Qf3 {[%emt 0:04:30]} Rxd8 {[%emt 0:00:38]} 28. Rec1 {[%emt 0:00:19]} Rc8 {[%emt 0:05:49]} 29. g4 {[%emt 0:07:13]} Qa4 {[%emt 0:01:59]} 30. b4 {[%emt 0:21:31]} Bxb4 {[%emt 0:01:41]} 31. gxh5 {[%emt 0:01:07]} Rg7 {[%emt 0:08:42]} 32. Rg2 {[%emt 0:01:42]} Qe8 {[%emt 0:07:48]} 33. hxg6+ {[%emt 0:01:04]} Kg8 {[%emt 0:02:17]} 34. f5 {[%emt 0:01:21]} c6 {[%emt 0:01:42]} 35. f6 {[%emt 0:00:48]} Rxg6 {[%emt 0:00:07]} 36. Nf4 {[%emt 0:00:11]} Rxg2+ {[%emt 0:00:19]} 37. Qxg2+ {[%emt 0:00:06]} Kh7 {[%emt 0:00:15]} 38. Qg7# {[%emt 0:00:06]} 1-0

[Event "22nd Hogeschool Zeeland 2018"]
[Site "Vlissingen"]
[Date "2018.08.09"]
[Round "7"]
[White "Shyaamnikhil P"]
[Black "Coenen, Eduard"]
[Result "1-0"]
[WhiteElo "2389"]
[BlackElo "2118"]
[Annotator "TA"]
[PlyCount "83"]
[EventDate "2018.08.04"]
[EventType "swiss"]
[EventCountry "NED"]
[SourceTitle "playchess.com"]
[Source "ChessBase"]
[SourceQuality "1"]

{[%evp 11,83,39,58,44,72,62,70,72,73,51,60,74,89,64,77,73,148,124,162,159,208,228,320,322,322,304,321,247,235,243,250,242,243,243,250,243,279,287,291,293,307,302,298,282,304,291,354,323,384,309,290,306,303,295,316,310,297,298,331,0,326,0,323,257,377,376,606,597,707,677,956,956,893,718]} 1. e4 g6 2. d4 Bg7 3. Nf3 d6 4. Bc4 e6 5. Qe2 Ne7 6. c3 {B06: Modern Defence} (6. O-O a6 7. Bb3 O-O 8. Re1 Nd7 9. Nbd2 b5 10. Nf1 c5 11. c3 cxd4 12. cxd4 Nc6 13. Be3 {1-0 (63) Grigoriants,S (2576)-Nakamura,H (2786) chess.com INT 2017}) 6... a6 {LiveBook: 3 Games} 7. Bd3 c5 $146 {[#]} ({Predecessor:} 7... Nd7 8. O-O O-O 9. Nbd2 e5 10. Re1 Nc6 11. Nb3 Nf6 12. Bg5 h6 13. Bh4 {½-½ (45) Lam,D (2138)-Lahtela,S (2236) London 2015}) 8. dxc5 $1 {White is better.} dxc5 9. a4 Nbc6 10. Nbd2 O-O 11. Nc4 Na5 12. Bf4 Nxc4 13. Bxc4 Qa5 (13... Nc6 $142) 14. O-O $16 Rd8 15. Ne5 {[%cal Bf3e5,Be5f7,Bf7g5,Bg5e6][%mdl 32]} Bd7 16. Qf3 {Threatens to win with Nxf7!} Nc6 {[#]} (16... Be8 $142 17. Be2 Qb6) 17. Nxf7 $1 $18 {[%mdl 512]} Rf8 (17... Kxf7 18. Bc7+) 18. Ng5 h6 19. Bxe6+ Bxe6 20. Nxe6 g5 {[#]} 21. Bc7 $1 ({Much less strong is} 21. Nxf8 $6 Rxf8 22. g3 c4 $16) 21... Rxf3 22. Bxa5 Rf7 23. Bb6 c4 24. Rad1 Re8 25. Nxg7 Kxg7 26. f3 Re6 27. Rd5 Kg6 {Black wants to play ...Ne7.} 28. Bd4 h5 29. Rc5 Rd7 30. Rxc4 b5 31. axb5 axb5 32. Rc5 Nxd4 33. cxd4 Rxd4 34. Rxb5 {[%mdl 4096] Endgame KRR-KRR} Rd2 35. Rf2 Rd1+ 36. Rf1 Rd2 37. Rc1 h4 (37... g4 $142 38. b4 Rf6) 38. h3 Red6 $2 (38... Ra6 39. Rc8 Kf7 40. Rc7+ (40. Rxg5 $2 Ra1+ 41. Kh2 Rdd1 $19) 40... Kg6) 39. Rcc5 {White is clearly winning.} Rd1+ 40. Kh2 R6d2 41. Rxg5+ Kf6 42. Rbd5 {Precision: White = 84%, Black = 30%.} 1-0